Les joueurs les plus décisifs de Manchester City 23/24 - Statistiques

Statistiques générales
  • Ce quiz a été pris 92 fois
  • Le résultat moyen est 8 sur 10
Statistiques - réponses
Joueurs % Correct
1. Haaland
99%
4. De Bruyne
97%
2. Foden
92%
6. Rodri
84%
9. Grealish
81%
5. Silva
78%
3. Alvarez
75%
7. Doku
73%
8. Gvardiol
43%
10. Lewis
33%
Aucun quiz correspondant
Distribution des résultats
% des personnes avec chaque résultat
Percentile par nombre de réponses
Votre historique - résultats
Vous n’avez pas pris ce quiz